=LDR 00000nam 2200000 4500 =001 NUTBA000000000000557 =005 20140325150709.0 =006 =007 =008 =035 ##$$a 0010-031400000000556 =082 ##$$a 345.01 =100 ##$$a drs. nico ngani, sh., mssn =245 ##$$a sinerama hukum pidana =250 ##$$a cet 1, 1984 =260 ##$$a liberty =300 ##$$a 180 $c 24 cm =850 ##$$a NBPNMAT